| 000 | 00673nam a2200253Ia 4500 | ||
|---|---|---|---|
| 003 | OSt | ||
| 005 | 20221005122942.0 | ||
| 006 | a|||||r|||| 00| 0 | ||
| 007 | ta | ||
| 008 | 221004b |||||||| |||| 00| 0 eng d | ||
| 024 | _a44065 | ||
| 037 | _cTextual | ||
| 040 |
_aCRL _cCRL _beng |
||
| 041 |
_2eng _aeng |
||
| 082 | _aO15:9x8:1, K5.2-.3 | ||
| 100 |
_aChandi Dasa _9632872 |
||
| 245 | 0 | _aKavya prakasa dipika Pt 2. Pt 3 | |
| 260 | _c1965 | ||
| 490 | _aSarasvati Bhavana granthamala; 46 | ||
| 650 | _a ENGLISH LITERATURE | ||
| 650 | _aSANSKRIT LITERATURE | ||
| 942 |
_hO15:9x8:1, K5.2-.3 _cTEXL _2cc |
||
| 999 |
_c1045877 _d1045877 |
||